Investigaciuon de mercados: Un enfoque aplicado/ (Registro nro. 9201)

Detalles MARC
000 -LEADER
fixed length control field 02226nam a2200217Ia 4500
005 - FECHA Y HORA DE LA ÚLTIMA TRANSACCIÓN
control field 20230908104256.0
008 - FIXED-LENGTH DATA ELEMENTS--GENERAL INFORMATION
fixed length control field 230906s9999 xx 000 0 und d
020 ## - INTERNATIONAL STANDARD BOOK NUMBER
International Standard Book Number 9586007820
040 ## - CATALOGING SOURCE
Original cataloging agency UPAN
Transcribing agency Biblioteca San Vicente
Description conventions RCAA2
041 ## - LANGUAGE CODE
Language code of text/sound track or separate title spa
082 ## - DEWEY DECIMAL CLASSIFICATION NUMBER
Classification number 658.83
Item number K566i
año de publicación 1998
100 ## - MAIN ENTRY--PERSONAL NAME
Personal name Kinnear, Thomas C.
Relator code aut.
245 #0 - TITLE STATEMENT
Title Investigaciuon de mercados: Un enfoque aplicado/
Remainder of title Thomas C. Kinnear
250 ## - EDITION STATEMENT
Edition statement 5° ed.
260 ## - PUBLICATION, DISTRIBUTION, ETC. (IMPRINT)
Place of publication, distribution, etc Colombia:
Name of publisher, distributor, etc McGraw Hill,
Date of publication, distribution, etc 1998
300 ## - PHYSICAL DESCRIPTION
Extent 874 p.;
Dimensions 27 cm.
505 ## - FORMATTED CONTENTS NOTE
Formatted contents note Parte 1. Introducción a la investigación de mercados en la toma de decisiones de marketing<br/>1. El papel de la investigación de mercados en la gerencia de marketing<br/>2. El negocio de la investigación de mercados<br/>3. El proceso de investigación de mercados: concepto y ejemplo<br/>4. La decisión de llevar a cabo la investigación<br/>Parte 2. Determinar el diseño de la investigación y las fuentes de datos<br/>5. Diseño de la investigación y fuentes de datos<br/>6. Datos secundarios<br/>Parte 3. Desarrollo del procedimiento de recolección de datos<br/>7. El proceso de medición <br/>8. Medición de actitudes<br/>9. Diseño causales<br/>10. Recolección de datos: investigación exploratoria<br/>11. Recolección de datos: investigación concluyente<br/>12. Diseño de formatos para la recolección de datos<br/>Parte 4. Plan de muestreo y recolección de datos<br/>13. Los principios de muestreo<br/>14. Muestreo aleatorio simple y tamaño de la muestra<br/>15. Procedimientos mas complejos de muestreo<br/>16. Operaciones de campo <br/>Parte 5. Anàlisis de datos y elaboración de informes sobre los hallazgos de la investigación<br/>17. Procesamiento de datos<br/>18. Anàlisis univariado de datos<br/>19. Anàlisis bivariado de datos<br/>20. Anàlisis multivariado de datos I: Métodos de interdependencia<br/>21. Anàlisis multivariado de datos II: Métodos de dependencia<br/>22. Informes sobre los hallazgos de la investigación<br/>Parte 6. Aplicaciones<br/>23. Medición y pronostico de la demanda <br/>24. Investigación de productos y prueba de marketing <br/>25. Investigación publicitaria<br/>26. Investigación de distribución y fijación de precios
650 ## - SUBJECT ADDED ENTRY--TOPICAL TERM
Source of heading or term LEMB
Topical term or geographic name as entry element Investigación
General subdivision Mercado
9 (RLIN) 3
700 ## - ADDED ENTRY--PERSONAL NAME
Personal name James R. Taylor
Relator code col.
942 ## - ADDED ENTRY ELEMENTS (KOHA)
Koha item type Libros
Source of classification or shelving scheme Dewey Decimal Classification
Existencias
Withdrawn status Lost status Source of classification or shelving scheme Damaged status Not for loan Collection code Home library Current library Date acquired Total Checkouts Full call number Barcode Date last seen Copy number Price effective from Koha item type
    Dewey Decimal Classification     Colección General Biblioteca UPAN San Vicente Biblioteca UPAN San Vicente 06/09/2023   658.83 K566i 12001799 06/09/2023 01 06/09/2023 Libros